Los idus de marzo : novela /

Guardado en:
Autor Principal: Wilder, Thornton
Formato: Libro
Publicado: Buenos Aires : Emece, 1962
Series:Grandes Novelistas
Materias:
Etiquetas: Agregar Etiqueta
Sin Etiquetas, Sea el primero en etiquetar este registro!
LEADER 00581nam a22001935a 4500
001 EHU.bham027075
003 AR-BHAM
005 20110510124305.0
008 130507s1962##################000#0#####d
082 8 1 |a 813.5 
100 1 |a Wilder, Thornton 
245 1 0 |a Los idus de marzo :  |b novela /  |c Thornton Wilder 
260 |a Buenos Aires :  |b Emece,  |c 1962 
300 |a 254 p. 
490 0 |a Grandes Novelistas 
500 |a Trad. Por M. Antonia Oyuela 
653 |a Literatura norteamericana 
653 |a Novela norteamericana 
859 |a AR-BHAM  |b BIB. HUMANIDADES - General  |h 813.5  |i W645-1  |p 869.04  |t Ej.1